<?xml version="1.0" encoding="UTF-8"?>
<record
    xmlns:xsi="http://www.w3.org/2001/XMLSchema-instance"
    xsi:schemaLocation="http://www.loc.gov/MARC21/slim http://www.loc.gov/standards/marcxml/schema/MARC21slim.xsd"
    xmlns="http://www.loc.gov/MARC21/slim">

  <leader>     nam a22     7a 4500</leader>
  <datafield tag="999" ind1=" " ind2=" ">
    <subfield code="c">49398</subfield>
    <subfield code="d">49398</subfield>
  </datafield>
  <controlfield tag="003">OSt</controlfield>
  <controlfield tag="005">20191129150753.0</controlfield>
  <controlfield tag="008">191129b        xxu||||| |||| 00| 0 eng d</controlfield>
  <datafield tag="040" ind1=" " ind2=" ">
    <subfield code="c">sero soft</subfield>
  </datafield>
  <datafield tag="100" ind1=" " ind2=" ">
    <subfield code="a">Mohd.OSIM</subfield>
  </datafield>
  <datafield tag="245" ind1=" " ind2=" ">
    <subfield code="a">Olypic Movement</subfield>
  </datafield>
  <datafield tag="260" ind1=" " ind2=" ">
    <subfield code="a">Delhi</subfield>
    <subfield code="b">Sports Publication ,Delhi</subfield>
  </datafield>
  <datafield tag="300" ind1=" " ind2=" ">
    <subfield code="a">316</subfield>
  </datafield>
  <datafield tag="942" ind1=" " ind2=" ">
    <subfield code="2">ddc</subfield>
    <subfield code="c">02</subfield>
  </datafield>
  <datafield tag="952" ind1=" " ind2=" ">
    <subfield code="0">0</subfield>
    <subfield code="1">0</subfield>
    <subfield code="2">ddc</subfield>
    <subfield code="4">0</subfield>
    <subfield code="7">0</subfield>
    <subfield code="a">17</subfield>
    <subfield code="b">17</subfield>
    <subfield code="d">2019-11-29</subfield>
    <subfield code="e">Sports Publication Delhi</subfield>
    <subfield code="g">300.00</subfield>
    <subfield code="i">19309/22/11/19</subfield>
    <subfield code="l">2</subfield>
    <subfield code="p">17-B-3277</subfield>
    <subfield code="r">2021-03-24</subfield>
    <subfield code="s">2021-03-16</subfield>
    <subfield code="w">2019-11-29</subfield>
    <subfield code="y">02</subfield>
  </datafield>
  <datafield tag="952" ind1=" " ind2=" ">
    <subfield code="0">0</subfield>
    <subfield code="1">0</subfield>
    <subfield code="2">ddc</subfield>
    <subfield code="4">0</subfield>
    <subfield code="7">0</subfield>
    <subfield code="a">17</subfield>
    <subfield code="b">17</subfield>
    <subfield code="d">2019-11-29</subfield>
    <subfield code="e">Sports Publication Delhi</subfield>
    <subfield code="g">300.00</subfield>
    <subfield code="i">19309/22/11/19</subfield>
    <subfield code="l">1</subfield>
    <subfield code="m">1</subfield>
    <subfield code="p">17-B-3278</subfield>
    <subfield code="r">2023-11-18</subfield>
    <subfield code="s">2023-10-03</subfield>
    <subfield code="w">2019-11-29</subfield>
    <subfield code="y">02</subfield>
  </datafield>
  <datafield tag="952" ind1=" " ind2=" ">
    <subfield code="0">0</subfield>
    <subfield code="1">0</subfield>
    <subfield code="2">ddc</subfield>
    <subfield code="4">0</subfield>
    <subfield code="7">0</subfield>
    <subfield code="a">17</subfield>
    <subfield code="b">17</subfield>
    <subfield code="d">2019-11-29</subfield>
    <subfield code="e">Sports Publication Delhi</subfield>
    <subfield code="g">300.00</subfield>
    <subfield code="i">19309/22/11/19</subfield>
    <subfield code="l">1</subfield>
    <subfield code="p">17-B-3279</subfield>
    <subfield code="q">2026-01-30</subfield>
    <subfield code="r">2025-12-19</subfield>
    <subfield code="s">2025-12-19</subfield>
    <subfield code="w">2019-11-29</subfield>
    <subfield code="y">02</subfield>
  </datafield>
  <datafield tag="952" ind1=" " ind2=" ">
    <subfield code="0">0</subfield>
    <subfield code="1">0</subfield>
    <subfield code="2">ddc</subfield>
    <subfield code="4">0</subfield>
    <subfield code="7">0</subfield>
    <subfield code="a">17</subfield>
    <subfield code="b">17</subfield>
    <subfield code="d">2019-11-29</subfield>
    <subfield code="e">Sports Publication Delhi</subfield>
    <subfield code="g">300.00</subfield>
    <subfield code="i">19309/22/11/19</subfield>
    <subfield code="l">3</subfield>
    <subfield code="m">1</subfield>
    <subfield code="p">17-B-3280</subfield>
    <subfield code="r">2023-10-13</subfield>
    <subfield code="s">2023-10-13</subfield>
    <subfield code="w">2019-11-29</subfield>
    <subfield code="y">02</subfield>
  </datafield>
  <datafield tag="952" ind1=" " ind2=" ">
    <subfield code="0">0</subfield>
    <subfield code="1">0</subfield>
    <subfield code="2">ddc</subfield>
    <subfield code="4">0</subfield>
    <subfield code="7">0</subfield>
    <subfield code="a">17</subfield>
    <subfield code="b">17</subfield>
    <subfield code="d">2019-11-29</subfield>
    <subfield code="e">Sports Publication Delhi</subfield>
    <subfield code="g">300.00</subfield>
    <subfield code="i">19309/22/11/19</subfield>
    <subfield code="l">0</subfield>
    <subfield code="p">17-B-3281</subfield>
    <subfield code="r">2019-11-29</subfield>
    <subfield code="w">2019-11-29</subfield>
    <subfield code="y">02</subfield>
  </datafield>
  <datafield tag="952" ind1=" " ind2=" ">
    <subfield code="0">0</subfield>
    <subfield code="1">0</subfield>
    <subfield code="2">ddc</subfield>
    <subfield code="4">0</subfield>
    <subfield code="7">0</subfield>
    <subfield code="a">17</subfield>
    <subfield code="b">17</subfield>
    <subfield code="d">2019-11-29</subfield>
    <subfield code="e">Sports Publication Delhi</subfield>
    <subfield code="g">300.00</subfield>
    <subfield code="i">19309/22/11/19</subfield>
    <subfield code="l">3</subfield>
    <subfield code="p">17-B-3282</subfield>
    <subfield code="r">2022-02-21</subfield>
    <subfield code="s">2021-12-14</subfield>
    <subfield code="w">2019-11-29</subfield>
    <subfield code="y">02</subfield>
  </datafield>
  <datafield tag="952" ind1=" " ind2=" ">
    <subfield code="0">0</subfield>
    <subfield code="1">0</subfield>
    <subfield code="2">ddc</subfield>
    <subfield code="4">0</subfield>
    <subfield code="7">0</subfield>
    <subfield code="a">17</subfield>
    <subfield code="b">17</subfield>
    <subfield code="d">2019-11-29</subfield>
    <subfield code="e">Sports Publication Delhi</subfield>
    <subfield code="g">300.00</subfield>
    <subfield code="i">19309/22/11/19</subfield>
    <subfield code="l">1</subfield>
    <subfield code="p">17-B-3283</subfield>
    <subfield code="r">2021-02-27</subfield>
    <subfield code="s">2021-02-24</subfield>
    <subfield code="w">2019-11-29</subfield>
    <subfield code="y">02</subfield>
  </datafield>
  <datafield tag="952" ind1=" " ind2=" ">
    <subfield code="0">0</subfield>
    <subfield code="1">0</subfield>
    <subfield code="2">ddc</subfield>
    <subfield code="4">0</subfield>
    <subfield code="7">0</subfield>
    <subfield code="a">17</subfield>
    <subfield code="b">17</subfield>
    <subfield code="d">2019-11-29</subfield>
    <subfield code="e">Sports Publication Delhi</subfield>
    <subfield code="g">300.00</subfield>
    <subfield code="i">19309/22/11/19</subfield>
    <subfield code="l">0</subfield>
    <subfield code="p">17-B-3284</subfield>
    <subfield code="r">2019-11-29</subfield>
    <subfield code="w">2019-11-29</subfield>
    <subfield code="y">02</subfield>
  </datafield>
  <datafield tag="952" ind1=" " ind2=" ">
    <subfield code="0">0</subfield>
    <subfield code="1">0</subfield>
    <subfield code="2">ddc</subfield>
    <subfield code="4">0</subfield>
    <subfield code="7">0</subfield>
    <subfield code="a">17</subfield>
    <subfield code="b">17</subfield>
    <subfield code="d">2019-11-29</subfield>
    <subfield code="e">Sports Publication Delhi</subfield>
    <subfield code="g">300.00</subfield>
    <subfield code="i">19309/22/11/19</subfield>
    <subfield code="l">0</subfield>
    <subfield code="p">17-B-3285</subfield>
    <subfield code="r">2019-11-29</subfield>
    <subfield code="w">2019-11-29</subfield>
    <subfield code="y">02</subfield>
  </datafield>
  <datafield tag="952" ind1=" " ind2=" ">
    <subfield code="0">0</subfield>
    <subfield code="1">0</subfield>
    <subfield code="2">ddc</subfield>
    <subfield code="4">0</subfield>
    <subfield code="7">0</subfield>
    <subfield code="a">17</subfield>
    <subfield code="b">17</subfield>
    <subfield code="d">2019-11-29</subfield>
    <subfield code="e">Sports Publication Delhi</subfield>
    <subfield code="g">300.00</subfield>
    <subfield code="i">19309/22/11/19</subfield>
    <subfield code="l">3</subfield>
    <subfield code="p">17-B-3286</subfield>
    <subfield code="r">2021-12-18</subfield>
    <subfield code="s">2021-12-14</subfield>
    <subfield code="w">2019-11-29</subfield>
    <subfield code="y">02</subfield>
  </datafield>
</record>
